000 00720nam a2200241Ia 4500
003 OSt
005 20220927105013.0
006 a|||||r|||| 00| 0
007 ta
008 220926b |||||||| |||| 00| 0 eng d
024 _a196314
037 _cReference Collections
040 _aRTL
_cRTL
_beng
041 _2eng
_aeng
082 _a"X:8, K6"
100 _a"LEARNED, D.C.S edmund p"
_9369273
245 0 _aOrganization theory and policy
_b Notes for analysis
260 _aillinois
_b"richard d. irwin, inc USA "
_c1966
300 _a115p
_ccm.
700 _a SPROAT audrey T
_9369274
942 _h"X:8, K6"
_cCC
999 _c690123
_d690123